| 000 | 01528nam a22003851a 4500 | ||
|---|---|---|---|
| 001 | 2005 | ||
| 003 | FISKH | ||
| 005 | 20241127083649.0 | ||
| 008 | 100120s2010 nyua j 000|f eng|d | ||
| 015 |
_aGBB009350 _2bnb |
||
| 016 | 7 |
_a015473670 _2Uk |
|
| 020 | _a9780810988439 (pbk.) : | ||
| 020 | _a0810988437 (pbk.) : | ||
| 040 |
_aStDuBDS _beng _cStDuBDS _dUk |
||
| 042 | _aukblsr | ||
| 050 | _aPZ8.H24316 | ||
| 082 | 0 | 4 |
_a823.92 _222 |
| 100 | 1 |
_aHarris, Stephen, _d1959- |
|
| 245 | 1 | 0 |
_aBallroom bonanza : _ba hidden pictures ABC book / _cby Stephen Harris ; illustrated by Nina Rycroft. |
| 260 |
_aNew York ; _bAbrams Books, _c2010. |
||
| 300 |
_a40 unnumbered pages : _bcolor illustrations ; _c31 cm |
||
| 505 | _aG | ||
| 520 | _aAnimals from alpacas to zebras gather in Blackpool for the annual dance competition, while the monkeys hide twenty-six musical instruments for which the reader is invited to search in the illustrations. | ||
| 521 | 8 |
_a380
_bLexile estimate |
|
| 521 | 8 |
_aG
_bRaz-Plus |
|
| 650 | 0 |
_aDance _vPictorial works _vJuvenile fiction. |
|
| 650 | 0 |
_aBalls (Parties) _vPictorial works _vJuvenile fiction. |
|
| 650 | 0 |
_aAnimals _vPictorial works _vJuvenile fiction. |
|
| 650 | 0 |
_aPicture puzzles _vJuvenile literature. |
|
| 650 | 0 |
_aEnglish language _xAlphabet _vPictorial works _vJuvenile literature. |
|
| 650 | 0 |
_aCounting _vPictorial works _vJuvenile literature. |
|
| 655 | 7 |
_aChildren's stories _vPictorial works. _2gsafd |
|
| 700 | 1 |
_aRycroft, Nina. _eillustrator |
|
| 942 |
_2ddc _cBK _n0 |
||
| 999 |
_c2005 _d2005 |
||